000 00642nam a22002297a 4500
003 UA-OsUOA
001 36074
007 ta
008 20060705b un ||||| |||| 00| 0 ukr d
100 _aМулик-Луцик Ю.
090 _a081/930.1
_bМ90
942 _cBK
040 _aUA-OsUOA
_bukr
_cUA-OsUOA
_dUA-OsUOA
245 _aФеномен зарубіжного мислителя
_bЗбірник вибраних творів
300 _a339 с.
955 _a1
041 _aukr
080 _a081/930.1
260 _aВінніпег
_c2004
650 7 _a08 Видання. Колективні праці
_2UDC
999 _c424638
_d424638